000 00653nam a2200229 i 4500
001 C2-0233336
003 PPAK
005 20180728090502.0
008 010513s1993 io |||| ||||| | may d
040 _aPPAK
_beng
_cPPAK
_erda
082 0 4 _a297.1229
_223
090 0 0 _a297.1229
_bTER
_dR
245 0 0 _aTerjemah tafsir Al-Maragi :
_bJuz 7, 8, 9
264 1 _aSemarang, Indoensia :
_bCV Toha Putra Semarang ,
_c1993
300 _aiv, 395 pages ;
_c20 cm
336 _2rdacontent
_atext
337 _2rdamedia
_aunmediated
338 _2rdacarrier
_avolume
650 1 0 _aKoran - Hermeneutics
700 1 _aRasyidi, Anwar,
_eeditor
942 _ddc
_cB
999 _c152289
_d152289